000 00317nam a22001337a 4500
008 250220b |||||||| |||| 00| 0 eng d
020 _a8184241488
050 _aHD9651
_b.D78
100 _aDRUCKER, F. Peter
245 _aManagement
260 _aNew Delhi
_bSunil Sachens
_c1994
300 _axvi, 839p.
942 _cBK
999 _c1995
_d1995